LEADER 00634nam a2200169 i 4500 001 000000230353 003 CaOOAMICUS 005 20140605000000.0 008 140605s1846 it u000 u lat u 013 $a209255 040 $aSeMil$bita 245 10$aComplectens commentaria. 2. 300 $aP. 731-1142. 773 0 $tR. P. C. Cornelii a Lapide ... Commentarii in Sacram Scripturam.$bEditio recens.$dMelitae : Apud Tonna, Banchi & soc., 1843.$g4$w()30033 850 $aSeMil 852 $aSeMil$W1$xVenegono$y1$m2V V 67 FA$j180699$B180699$CSeMilBibl$Z2$F191635 $8I 996 $6245$aComplectens commentaria. 2$9(OLS)http://semarc/title/329128 LEADER 00976nam a2200241 i 4500 001 000000066589 003 CaOOAMICUS 005 20070424000000.0 008 070424s1974 it u000 u ita u 013 $a37761 040 $aSeMil$bita 100 1 $aGadda, Carlo Emilio <1893-1973>.$0(OLS)http://semarc/name/1197 245 10$aMeditazione milanese /$cCarlo Emilio Gadda ; a cura di Gian Carlo Roscioni. 260 $aTorino :$bGiulio Einaudi,$ccopyr. 1974. 300 $aXLIV, 483 p. ;$c21 cm. 490 0 $aEinaudi Letteratura ;$v34 700 1 $aRoscioni, Gian Carlo.$0(OLS)http://semarc/name/33397 830 0$aEinaudi Letteratura ;$v34.$0(OLS)http://semarc/title/8393 850 $aSeMil 852 $aSeMil$W1$xVenegono$y1$m1C II 5$j32742$B32742$CSeMilBibl$Z2$F32745 $81 961 $aOmaggio: Patti mons. Francesco 996 $6245$aMeditazione milanese$9(OLS)http://semarc/title/105917 996 $6260$aTorino :$bGiulio Einaudi$9(OLS)http://semarc/publisher/29810